000 04927nam a22004697a 4500
005 20081117102341.0
008 081117t xxu||||| |||| 00| 0 eng d
010 _aB-274366-382
020 _a9788189866125
_c245.00
035 _aB-274366-382
037 _aI.K. / 2008/CRB/0000445/6.06.08/58/16.5.08/20.6.08
040 _adpl
_bEnglish
082 _a621.815
100 _aJadon, Vijay Kumar
245 _aMachine design data book /
_cby Vijay Kumar Jadon [and] Suresh Verma
260 _aNew Delhi
_bI.K. International Publishing House
_c2007
270 _aS-25, Green Park Extension, Uphaar Cinema Market,
_bNew Delhi
_e110016
300 _axii, 356p.:
_bill.
_c24cm (pbk)
500 _aIncludes index
700 _aVerma, Suresh
942 _2ddc
_cEN
_mJAD
_h621.815
999 _c18446
_d18446